| 000 | 00803cam a2200241 a 4500 | ||
|---|---|---|---|
| 001 | 16352540 | ||
| 005 | 20180315090947.0 | ||
| 008 | 100728s2011 nyua b 001 0 eng | ||
| 010 | _a 2010031651 | ||
| 020 | _a9780393911510 (pbk.) | ||
| 040 |
_aDLC _cDLC _dDLC |
||
| 041 | _aeng | ||
| 042 | _apcc | ||
| 080 | _a808.042 BUL | ||
| 082 | 0 | 0 |
_a808.042 BUL _222 |
| 100 | 1 | _a25 | |
| 101 | _aEDU | ||
| 245 | 1 | 4 |
_aThe Little Seagull handbook / _cRichard Bullock, Francine Weinberg. |
| 504 | _aIncludes bibliographical references and indexes. | ||
| 906 |
_a7 _bcbc _corignew _d1 _eecip _f20 _gy-gencatlg |
||
| 942 |
_2ddc _cBK |
||
| 999 |
_c45159 _d45159 |
||